[Event "FRA-chT3 Gr06 0607"]
[Site "France"]
[Date "2007.01.21"]
[Round "5.2"]
[White "Trovalet, Sylvain"]
[Black "Guezennec, Franck"]
[Result "1/2-1/2"]
[WhiteElo "2116"]
[BlackElo "2137"]
[PlyCount "94"]
[EventDate "2006.10.15"]
[EventType "team"]
[EventRounds "9"]
[EventCountry "FRA"]
[SourceTitle "EXT 2008"]
[Source "ChessBase"]
[SourceDate "2007.11.25"]
[SourceVersion "1"]
[SourceVersionDate "2007.11.25"]
[SourceQuality "1"]
[WhiteTeam "Vitre"]
[BlackTeam "Douarnenez"]
[WhiteTeamCountry "FRA"]
[BlackTeamCountry "FRA"]

1. e4 c5 2. Nf3 Nc6 3. d4 cxd4 4. Nxd4 Nf6 5. Nc3 e5 6. Ndb5 d6 7. Bg5 a6 8. Na3 b5 9. Nd5 Qa5+ 10. Bd2 Qd8 11. Bg5 Be7 12. Bxf6 Bxf6 13. c3 Rb8 14. Nc2 Bg5 15. Be2 0-0 16. 0-0 Bh6 17. Qd3 f5 18. Bf3 Kh8 19. exf5 Bxf5 20. Be4 g6 21. Nce3 Qd7 22. Rad1 a5 23. Nxf5 gxf5 24. Qh3 Bg5 25. Bc2 Ne7 26. Nxe7 Qxe7 27. Bxf5 Rf6 28. Be4 Rbf8 29. Qd3 b4 30. cxb4 axb4 31. Bd5 Qa7 32. Bf3 Qxa2 33. b3 Qa7 34. Ra1 Qg7 35. Ra8 Rxa8 36. Bxa8 Qa7 37. Bf3 Bh6 38. g3 Qc5 39. Kg2 Qc3 40. Qd5 Kg7 41. Rd1 Qc2 42. Qb7+ Rf7 43. Qe4 Qc5 44. Rd5 Qb6 45. Qg4+ Kh8 46. Qe6 Qb7 47. Qxd6 Bg7 1/2-1/2

[Event "Avoine op 20th"]
[Site "Avoine"]
[Date "2005.07.29"]
[Round "7"]
[White "Schmittdiel, Eckhard"]
[Black "Trovalet, Sylvain"]
[Result "1/2-1/2"]
[WhiteElo "2417"]
[BlackElo "2072"]
[PlyCount "122"]
[EventDate "2005.07.23"]
[EventType "swiss"]
[EventRounds "9"]
[EventCountry "FRA"]
[SourceTitle "EXT 2007"]
[Source "ChessBase"]
[SourceDate "2006.11.23"]
[SourceVersion "1"]
[SourceVersionDate "2006.11.23"]
[SourceQuality "1"]

1. Nf3 c5 2. c4 g6 3. g3 Bg7 4. Bg2 Nc6 5. 0-0 e5 6. Nc3 Nge7 7. Ne1 Nd4 8. e3 Ndc6 9. a3 0-0 10. Rb1 d6 11. b4 Bf5 12. d3 Rb8 13. b5 Na5 14. Bd2 b6 15. Nd5 Nb7 16. f4 Nxd5 17. Bxd5 Qd7 18. Qf3 Nd8 19. Rf2 Kh8 20. Bc3 Rc8 21. Qe2 f6 22. Ng2 Nf7 23. a4 Nh6 24. Qd2 Bh3 25. Ra1 Nf5 26. Bc6 Qf7 27. Bf3 Ne7 28. a5 d5 29. axb6 axb6 30. Ra7 dxc4 31. fxe5 fxe5 32. dxc4 Qe6 33. g4 Rf7 34. Qd7 Qxd7 35. Rxd7 h5 36. Be2 Rxf2 37. Kxf2 Ng8 38. Nf4 Nf6 39. Nxg6+ Kh7 40. Ne7 Nxd7 41. Nxc8 Bxg4 42. Bd3+ Kh6 43. Nd6 Kg5 44. Ne4+ Kh6 45. Ng3 Kg5 46. Bd2 Kf6 47. Bf1 Ke6 48. h3 Bd1 49. Be2 Bxe2 50. Kxe2 h4 51. Ne4 Kf5 52. Nd6+ Ke6 53. Ne8 Bh6 54. Be1 e4 55. Nc7+ Kd6 56. Nd5 Bg5 57. Nc3 Ke5 58. Bf2 Kf5 59. Na4 Bd8 60. Be1 Ne5 61. Nb2 Nf3 1/2-1/2

[Event "FRA-chT4 0405"]
[Site "Bretagne"]
[Date "2004.12.09"]
[Round "3"]
[White "Trovalet, Sylvain"]
[Black "Lemesle, Gildas"]
[Result "1/2-1/2"]
[WhiteElo "1990"]
[BlackElo "1790"]
[PlyCount "109"]
[EventDate "2004.04.03"]
[EventType "team"]
[EventRounds "7"]
[EventCountry "FRA"]
[SourceTitle "EXT 2007"]
[Source "ChessBase"]
[SourceDate "2006.11.23"]
[SourceVersion "1"]
[SourceVersionDate "2006.11.23"]
[SourceQuality "1"]

1. d4 Nf6 2. c4 g6 3. Nc3 Bg7 4. e4 d6 5. Be2 0-0 6. f4 c5 7. d5 Nbd7 8. Nf3 a6 9. a4 Ne8 10. 0-0 f5 11. Ng5 Bd4+ 12. Kh1 Ng7 13. exf5 gxf5 14. Ra3 Rf6 15. Bd2 Rh6 16. a5 Nf6 17. Na4 Qe8 18. Be3 Bxe3 19. Rxe3 Ng4 20. Bxg4 fxg4 21. g3 Nf5 22. Rd3 Qh5 23. Rf2 e5 24. Qd2 Rg6 25. Nb6 Rb8 26. Ne4 Nd4 27. Nxc8 Rxc8 28. Rxd4 cxd4 29. f5 Rh6 30. Qb4 Rf8 31. Qxb7 Qe8 32. Qb4 Qb8 33. Qd2 Rh5 34. Qe2 Qe8 35. Qxg4+ Kh8 36. Nxd6 Qe7 37. c5 Rh6 38. Ne4 Qd7 39. d6 Qc6 40. Qf3 Qd5 41. Kg2 Rg6 42. h3 Rg7 43. g4 Rb7 44. f6 Rb3 45. Qf5 Re3 46. Rf4 Re2+ 47. Kg1 d3 48. Nf2 d2 49. f7 Qxf7 50. Qxf7 Rxf7 51. Rxf7 Rxf2 52. Kxf2 d1Q 53. d7 Kg8 54. Re7 Qd4+ 55. Kf1 1/2-1/2

[Event "FRA-chT3 0405"]
[Site "France"]
[Date "2004.12.05"]
[Round "4"]
[White "Trovalet, Sylvain"]
[Black "Martinez, Vincent"]
[Result "1-0"]
[WhiteElo "2081"]
[BlackElo "2167"]
[PlyCount "41"]
[EventDate "2004.10.10"]
[EventType "team"]
[EventRounds "9"]
[EventCountry "FRA"]
[SourceTitle "EXT 2007"]
[Source "ChessBase"]
[SourceDate "2006.11.23"]
[SourceVersion "1"]
[SourceVersionDate "2006.11.23"]
[SourceQuality "1"]

1. e4 c6 2. d4 d5 3. exd5 cxd5 4. c4 Nf6 5. Nc3 Nc6 6. Bg5 dxc4 7. d5 Ne5 8. Qd4 h6 9. Qxe5 hxg5 10. Bxc4 Bd7 11. Nf3 Qb6 12. 0-0 g4 13. Nd4 g3 14. h3 Ng4 15. hxg4 Bxg4 16. fxg3 Rh5 17. Qf4 f5 18. Qe3 g5 19. Bb5+ Kf7 20. Qe6+ Qxe6 21. Nxe6 1-0

[Event "FRA-chT3 0405"]
[Site "France"]
[Date "2004.11.06"]
[Round "2"]
[White "Trovalet, Sylvain"]
[Black "Tripoteau, Nicolas"]
[Result "1/2-1/2"]
[WhiteElo "2081"]
[BlackElo "2250"]
[PlyCount "63"]
[EventDate "2004.10.10"]
[EventType "team"]
[EventRounds "9"]
[EventCountry "FRA"]
[SourceTitle "EXT 2007"]
[Source "ChessBase"]
[SourceDate "2006.11.23"]
[SourceVersion "1"]
[SourceVersionDate "2006.11.23"]
[SourceQuality "1"]

1. c4 g6 2. Nc3 Bg7 3. d4 c5 4. d5 d6 5. e4 Nf6 6. f4 0-0 7. Nf3 e6 8. Be2 exd5 9. cxd5 b5 10. e5 dxe5 11. fxe5 Ng4 12. Bxb5 Nxe5 13. 0-0 Bg4 14. Be2 Nbd7 15. Nxe5 Bxe2 16. Qxe2 Bxe5 17. Bf4 Re8 18. Bxe5 Rxe5 19. Qc4 Rb8 20. d6 Re6 21. Rxf7 Kxf7 22. Rf1+ Qf6 23. Ne4 Qxf1+ 24. Qxf1+ Kg7 25. Ng5 Rxd6 26. Qf7+ Kh6 27. h4 Nf6 28. Qe7 Rd1+ 29. Kh2 Rf1 30. Nf7+ Kg7 31. Nd8+ Kh6 32. Nf7+ 1/2-1/2

[Event "FRA-chT4 0304"]
[Site "Bretagne"]
[Date "2003.12.07"]
[Round "3"]
[White "Lages, Michel"]
[Black "Trovalet, Sylvain"]
[Result "1/2-1/2"]
[WhiteElo "2000"]
[BlackElo "2071"]
[PlyCount "118"]
[EventDate "2003.10.12"]
[EventType "team"]
[EventRounds "9"]
[EventCountry "FRA"]
[SourceTitle "EXT 2005"]
[Source "ChessBase"]
[SourceDate "2004.11.15"]
[SourceVersion "1"]
[SourceVersionDate "2004.11.15"]
[SourceQuality "1"]

1. c4 e5 2. Nc3 Nc6 3. Nf3 Nf6 4. e3 Bb4 5. Qc2 0-0 6. Nd5 Bc5 7. Ng5 g6 8. Nxf6+ Qxf6 9. Ne4 Qe7 10. a3 a5 11. Nxc5 Qxc5 12. b3 d5 13. Bb2 f5 14. Be2 d4 15. 0-0 f4 16. exd4 Nxd4 17. Bxd4 Qxd4 18. c5 Bf5 19. Qc4+ Qxc4 20. Bxc4+ Kg7 21. Rfe1 Kf6 22. f3 Rfd8 23. Re2 Bd3 24. Bxd3 Rxd3 25. Rb1 Rad8 26. Rb2 R8d5 27. b4 Rxa3 28. bxa5 Rxa5 29. Rxb7 Raxc5 30. Rb2 Rc1+ 31. Kf2 Rh1 32. h3 Rd1 33. Rc2 c5 34. Ra2 h5 35. Ra6+ Kf5 36. Ra2 g5 37. g4+ fxg3+ 38. Kxg3 Rg1+ 39. Kf2 Rh1 40. Kg2 Rb1 41. Kf2 Rb4 42. Ra8 Rbd4 43. Ra2 Rd3 44. Rc2 R3d4 45. Ra2 e4 46. fxe4+ Rxe4 47. Rxe4 Kxe4 48. Ke2 Rd3 49. Ra4+ Rd4 50. Ra8 Kf4 51. Rf8+ Kg3 52. Rf5 Kh4 53. Rxc5 Rd8 54. Rf5 g4 55. hxg4 hxg4 56. Rf7 Kh3 57. Ke3 Kg2 58. Rg7 g3 59. d4 Re8+ 1/2-1/2

[Event "Plancoet op 3rd"]
[Site "Plancoet"]
[Date "2003.07.26"]
[Round "1"]
[White "Froeyman, Helmut"]
[Black "Trovalet, Sylvain"]
[Result "1-0"]
[WhiteElo "2274"]
[BlackElo "2087"]
[PlyCount "71"]
[EventDate "2003.07.26"]
[EventType "swiss"]
[EventRounds "9"]
[EventCountry "FRA"]
[SourceTitle "CBM 095 Extra"]
[Source "ChessBase"]
[SourceDate "2003.09.04"]
[SourceVersion "1"]
[SourceVersionDate "2003.09.04"]
[SourceQuality "1"]

1. e4 c5 2. Nf3 Nc6 3. d4 cxd4 4. Nxd4 Nf6 5. Nc3 e5 6. Ndb5 d6 7. Nd5 Nxd5 8. exd5 Nb8 9. c4 a6 10. Nc3 Be7 11. Be2 0-0 12. 0-0 f5 13. f4 Nd7 14. Kh1 exf4 15. Bxf4 g5 16. Be3 Ne5 17. Na4 b5 18. cxb5 axb5 19. Bxb5 Qa5 20. Nc3 Qb4 21. Bd4 Bf6 22. a3 Qa5 23. b4 Qc7 24. a4 Qg7 25. Be2 h5 26. Nb5 Ra6 27. Rc1 Ng4 28. Rc7 Qh8 29. Bxg4 hxg4 30. Bxf6 Qxf6 31. Qe2 Rd8 32. Na7 Rxa7 33. Rxa7 Ba6 34. Rxa6 f4 35. Ra7 Qh6 36. Qe4 1-0

[Event "Bretagne tt 0203"]
[Site "Bretagne"]
[Date "2002.11.17"]
[Round "2.2"]
[White "Trovalet, Sylvain"]
[Black "Meysson, Jean Marc"]
[Result "1/2-1/2"]
[WhiteElo "2060"]
[BlackElo "1880"]
[PlyCount "123"]
[EventDate "2002.??.??"]
[EventType "team"]
[EventRounds "9"]
[EventCountry "FRA"]
[SourceTitle "EXT 2004"]
[Source "ChessBase"]
[SourceDate "2003.11.25"]
[SourceVersion "1"]
[SourceVersionDate "2003.11.25"]
[SourceQuality "1"]

1. d4 Nf6 2. c4 e6 3. Nc3 Bb4 4. e3 b6 5. Bd3 Bb7 6. Nf3 Ne4 7. Qc2 f5 8. a3 Bxc3+ 9. bxc3 0-0 10. a4 d6 11. Bb2 Nd7 12. a5 c5 13. h3 bxa5 14. Qa4 Rb8 15. Qxa5 Qxa5 16. Rxa5 Bc8 17. Ba1 a6 18. Ke2 Ndf6 19. Rb1 Rxb1 20. Bxb1 Rf7 21. Bd3 Kf8 22. Ne1 Rc7 23. f3 Ng5 24. Bb2 Ke7 25. Ba3 Nd7 26. Bc1 g6 27. Nc2 Nf7 28. e4 fxe4 29. fxe4 e5 30. Be3 cxd4 31. cxd4 exd4 32. Bxd4 Nfe5 33. Ne3 Rc6 34. Nd5+ Ke6 35. Nb4 Rc7 36. Nxa6 Bxa6 37. Rxa6 Nxc4 38. Ra8 Nde5 39. Bc2 Rb7 40. Ba4 Kf7 41. Kf2 Ke6 42. Re8+ Kf7 43. Rh8 Ke6 44. Bc3 Nd3+ 45. Kg3 Nce5 46. h4 Nc5 47. Bc2 Rc7 48. Bd4 Rb7 49. Re8+ Re7 50. Rc8 Ned3 51. e5 Nxe5 52. Bxc5 dxc5 53. Rxc5 Kf6 54. Kf4 h6 55. Rb5 g5+ 56. Kg3 gxh4+ 57. Kxh4 Nf7 58. Bb3 Re4+ 59. Kh5 Re5+ 60. Rxe5 Nxe5 61. Kxh6 Kf5 62. Bc2+ 1/2-1/2

[Event "FRA-chT4 0001"]
[Site "Bretagne"]
[Date "2000.11.19"]
[Round "2"]
[White "Trovalet, Sylvain"]
[Black "Le Moine, Cedric"]
[Result "1-0"]
[WhiteElo "2000"]
[BlackElo "1630"]
[PlyCount "67"]
[EventDate "2000.10.??"]
[EventType "team"]
[EventRounds "7"]
[EventCountry "FRA"]
[SourceTitle "EXT 2005"]
[Source "ChessBase"]
[SourceDate "2004.11.15"]
[SourceVersion "1"]
[SourceVersionDate "2004.11.15"]
[SourceQuality "1"]

1. e4 d5 2. exd5 Nf6 3. d4 Nxd5 4. c4 Nb6 5. Nc3 Nc6 6. c5 Nd5 7. Bc4 e6 8. Nf3 Na5 9. Qa4+ Nc6 10. 0-0 Nxc3 11. bxc3 Bd7 12. Qc2 Na5 13. Bd3 g6 14. Bg5 Be7 15. Bh6 Bc6 16. Ne5 Qd5 17. Nxc6 Nxc6 18. Qe2 Rg8 19. Rab1 b6 20. Be4 Qd7 21. Qf3 Nxd4 22. cxd4 0-0-0 23. Be3 Qa4 24. Qxf7 Qd7 25. Qf3 Qa4 26. Bc6 Qc2 27. Bb7+ Kb8 28. Ba6 Rd5 29. Qf7 Rdd8 30. Qxe6 Qa4 31. Bb5 Qa5 32. cxb6 axb6 33. Qxe7 Rge8 34. Bxe8 1-0

[Event "FRA-chT4 0001"]
[Site "Bretagne"]
[Date "2000.10.15"]
[Round "1"]
[White "Illien, Jean Marc"]
[Black "Trovalet, Sylvain"]
[Result "0-1"]
[WhiteElo "1800"]
[BlackElo "2000"]
[PlyCount "106"]
[EventDate "2000.10.??"]
[EventType "team"]
[EventRounds "7"]
[EventCountry "FRA"]
[SourceTitle "EXT 2005"]
[Source "ChessBase"]
[SourceDate "2004.11.15"]
[SourceVersion "1"]
[SourceVersionDate "2004.11.15"]
[SourceQuality "1"]

1. e4 d6 2. d4 Nf6 3. Nc3 g6 4. f4 Bg7 5. Nf3 0-0 6. Bd3 Nc6 7. h3 e5 8. fxe5 dxe5 9. d5 Nd4 10. Be3 Nh5 11. 0-0 Ng3 12. Rf2 c5 13. Kh2 Nh5 14. Ne2 f5 15. c3 Nxf3+ 16. Rxf3 b6 17. c4 Nf6 18. Nc3 f4 19. Bd2 g5 20. Rf1 h5 21. Be2 g4 22. Be1 Qd7 23. hxg4 hxg4 24. Rh1 Ne8 25. Kg1 Rf6 26. Bh4 Rg6 27. g3 f3 28. Bd3 Nd6 29. Kf2 a6 30. Qa4 Kf7 31. Qxd7+ Bxd7 32. Nd1 Bh6 33. Ne3 Rb8 34. a4 Bxe3+ 35. Kxe3 a5 36. b3 Re8 37. Rh2 Kg7 38. Rah1 Nf7 39. Bc2 Rh6 40. Kf2 Reh8 41. Kg1 Kg6 42. Be7 Rh3 43. Rxh3 Rxh3 44. Rxh3 gxh3 45. Kh2 f2 46. Bd3 Ng5 47. Bd8 Nf3+ 48. Kh1 Ne1 49. Bf1 Bg4 50. Bxb6 Bf3+ 51. Kh2 Bg2 52. g4 Nf3+ 53. Kg3 Bxf1 0-1